Score 0/50 Timer 10:00
0 Plays Today
% Correct
Appendicular skeleton
72.9%
Mandible
70.6%
Deltoid
70.2%
Axial skeleton
68.9%
Abduction
66.7%
Epiphyseal plate
65%
Flexion
63.8%
Gluteus Minimus
63.1%
Adduction
62.1%
Extention
61%
Osteoclasts
60.5%
Elastic Cartilage
59.3%
Maxilla
59.3%
Red marrow
58.8%
Parathyroid Hormone
58.8%
Yellow marrow
58.2%
Osteoblasts
56.5%
Scoliosis
55.4%
Epiphyses
53.7%
Ischium
53.7%
Hyaline Cartilage
51.4%
Ilium
51.4%
Osteocytes
50.8%
Cancellous Bone
50.3%
Diaphysis
50.3%
% Correct
Zygoma
50.3%
Haemopoietic Tissue
48.6%
Osteogenic cells
48.6%
Volkman's canals
46.3%
Compact Bone
45.8%
Sutures
45.2%
Fibrocartilage
45.2%
Pubis
44.1%
Lacunae
43.5%
Canaliculi
42.9%
Sarcoplasmic reticulum
42.4%
Lamellae
39.5%
Fascicles
37.9%
Sarcomere
36.7%
Endosteum
35.6%
Periosteum
35%
Myofibril
33.9%
Sharpey's fibres
33.7%
Sarcolemma
32.8%
Gomphosis
32.7%
Diarthrosis
30.5%
Amphiarthrosis
29.9%
Osteons
29.4%
Synarthrosis
25.4%
Syndesmosis
17.3%
Remove Ads.
Support Sporcle.
Get the best of Sporcle when you Go Orange. This ad-free experience offers more features, more stats, and more fun while also helping to support Sporcle. Thank you for becoming a member.

You're not logged in!

Compare scores with friends on all Sporcle quizzes.
OR
Log In

Show Comments

Extras

Top Quizzes Today


Score Distribution

Your Account Isn't Verified!

In order to create a playlist on Sporcle, you need to verify the email address you used during registration. Go to your Sporcle Settings to finish the process.

Report this User

Report this user for behavior that violates our Community Guidelines.

Details: